000 00664nam a2200253Ia 4500
003 OSt
005 20221007080233.0
006 a|||||r|||| 00| 0
007 ta
008 221006b |||||||| |||| 00| 0 eng d
024 _a42,533
037 _cTextual
040 _aFLL
_cFLL
_beng
041 _2eng
_aeng
082 _aZ2,5, Q6.2
100 _aBatuk Lal
_9640598
245 0 _aCommentary on the Indian penal code , 1860
250 _a3rd
260 _aNew Delhi
_bThomson Reuters South Asia Pvt. Ltd. India
_c2016
300 _ad.p.
_ccm.
490 _vVol.-II
942 _hZ2,5, Q6.2
_cTEXL
_2CC
999 _c1158790
_d1158790